书目信息 |
| 题名: |
汽车保养调整图册
|
|
| 作者: | ||
| 分册: | ||
| 出版信息: | 北京 人民交通出版社 1991.2 |
|
| 页数: | 123页 | |
| 开本: | 26cm | |
| 丛书名: | ||
| 单 册: | ||
| 中图分类: | U472.2 | |
| 科图分类: | ||
| 主题词: | 公路运输 | |
| 电子资源: | ||
| ISBN: | 7-114-00793-0 | |
| 000 | 00508nam0 2200193 45 | |
| 001 | 0312221749 | |
| 005 | 20040514084628.0 | |
| 010 | @dCNY4.00@a7-114-00793-0 | |
| 100 | @a20031222d1991 km y0chiy0120 ea | |
| 101 | @achi | |
| 105 | @a z 000yy | |
| 200 | 1 | @a汽车保养调整图册@AQi Che Bao Yang Diao Zheng Tu Ce |
| 205 | @a2版 | |
| 210 | @a北京@c人民交通出版社@d1991.2 | |
| 215 | @a123页@d26cm | |
| 606 | 0 | @a公路运输 |
| 690 | @aU472.2@v3 | |
| 801 | @aCN@bTSTCL@c20031222 | |
| 905 | @dU472.2@e45=2@f1@b248770 | |
| 汽车保养调整图册.-2版.-北京:人民交通出版社,1991.2 |
| 123页;26cm |
| ISBN 7-114-00793-0:CNY4.00 |
| ● |
| 相关链接 |
|
|
|
|
正题名:汽车保养调整图册
索取号:U472.2/45=2
 
预约/预借
| 序号 | 登录号 | 条形码 | 馆藏地/架位号 | 状态 | 备注 |
| 1 | 0248770 | 001487340 | 第三借阅区/ [索取号:U472.2/45=2] | 在馆 | |
| 2 | 0248771 | 001487331 | 第二样本阅览室/ [索取号:U472.2/45=2] | 在馆 |